000 01600cam a22002655a 4500
001 E142767
008 080306e20080304stk f s000 0 eng d
020 _a9780755970148
035 _a(Sirsi) u142767
041 0 _aeng
110 1 _aScotland
_bScottish Government
_95344
245 0 0 _aPermitted development rights for domestic microgeneration equipment
_bconsultation paper
_h[electronic resource]
260 _aEdinburgh
_bScottish Government
_c2008
520 _aSeeks views on the extent to which planning control can be reduced for domestic buildings by making microgeneration equipment 'permitted development' with the aim of removing the need to apply for planning permission. The proposal aims to strike a balance between controlling adverse impacts on neighbours and the wider environmental benefits of reducing CO 2 emission. Planning Advice Note (PAN) 45 (Annex) gives background information about technologies and best practice advice (ISBN 0755949420). See also Strategic Environmental Assessment Environmental Report (ISBN 9780755970155).
520 _aComments by 12 May 2008
590 _aKA
650 2 4 _aENVIRONMENTAL ASSESSMENT (SCOTLAND) ACT 2005
650 2 4 _aPAN45
650 2 4 _aTOWN AND COUNTRY PLANNING (GENERAL PERMITTED DEVELOPMENT) (SCOTLAND) AMENDMENT ORDER 2008
651 4 _aScotland
_y1999-
690 _aPlanning and development
_96259
690 _aPROPERTY-RESIDENTIAL PROPERTY-DOMESTIC RESIDENTIAL PROPERTY
856 4 0 _uhttps://www.scotland.gov.uk/Publications/2008/03/04090052/0
_zView the item free of charge at www.scotland.gov.uk...
942 _n0
999 _c107958
_d107958